Approaches to welfare / (Record no. 49847)
[ view plain ]
| 000 -LEADER | |
|---|---|
| fixed length control field | 00871nam a2200265 a 4500 |
| 001 - CONTROL NUMBER | |
| control field | 49847 |
| 003 - CONTROL NUMBER IDENTIFIER | |
| rucl marc code | BD-RjUL |
| 005 - DATE AND TIME OF LATEST TRANSACTION | |
| control field | 20211209054734.0 |
| 008 - FIXED-LENGTH DATA ELEMENTS--GENERAL INFORMATION | |
| fixed length control field | 160822s1983 enk b 001 0 eng |
| 020 ## - INTERNATIONAL STANDARD BOOK NUMBER | |
| International Standard Book Number | 071009423X : |
| Terms of availability | £13.95 ($22.50 U.S.) |
| International Standard Book Number | 0710094248 (pbk.) : |
| Terms of availability | £6.95 (est.) ($12.50 U.S.) |
| 035 ## - SYSTEM CONTROL NUMBER | |
| System control number | (BD-RjUL) 49967 |
| 040 ## - CATALOGING SOURCE | |
| Original cataloging agency | DLC |
| Transcribing agency | DLC |
| Modifying agency | DLC |
| -- | BD-RjUL |
| Language of cataloging | eng |
| 041 ## - LANGUAGE CODE | |
| Language code of text/sound track or separate title | eng |
| 082 00 - DEWEY DECIMAL CLASSIFICATION NUMBER | |
| Classification number | 361.941 |
| Edition number | 23 |
| Author mark and year | APP 1983 |
| 245 00 - TITLE STATEMENT | |
| Title | Approaches to welfare / |
| Statement of responsibility, etc. | Philip Bean and Stewart MacPherson. |
| 260 ## - PUBLICATION, DISTRIBUTION, ETC. (IMPRINT) | |
| Place of publication, distribution, etc. | London ; |
| -- | Boston : |
| Name of publisher, distributor, etc. | Routledge & Kegan Paul, |
| Date of publication, distribution, etc. | c1983 |
| 300 ## - PHYSICAL DESCRIPTION | |
| Pagination | xviii, 301 p. ; |
| Size | 23 cm. |
| 504 ## - BIBLIOGRAPHY, ETC. NOTE | |
| Bibliography, etc | Includes bibliographies and indexes. |
| 650 #0 - SUBJECT ADDED ENTRY--TOPICAL TERM | |
| Topical term or geographic name as entry element | Public welfare |
| Geographic subdivision | Great Britain. |
| 9 (RLIN) | 149401 |
| Topical term or geographic name as entry element | Welfare state. |
| 9 (RLIN) | 126829 |
| 700 1# - ADDED ENTRY--PERSONAL NAME | |
| Personal name | Bean, Philip, |
| Dates associated with a name | 1936- |
| Personal name | MacPherson, Stewart. |
| 942 ## - ADDED ENTRY ELEMENTS (KOHA) | |
| Source of classification or shelving scheme | Dewey Decimal Classification |
| Koha item type | Books |
| Lost status | Source of classification or shelving scheme | Damaged status | Not for loan | Collection code | Permanent Location | Current Location | Shelving location | Date acquired | Source of acquisition | Cost, normal purchase price | Total Checkouts | Full call number | Date last seen | Copy number | Koha item type |
|---|---|---|---|---|---|---|---|---|---|---|---|---|---|---|---|
| Dewey Decimal Classification | Non-fiction | Central Library, University of Rajshahi | Central Library, University of Rajshahi | 23/12/1999 | dhaka pragon enterprise | 912.92 | 361.941 APP 1983 | 22/08/2016 | C-2 | Books |